Normal view MARC view
  • ʻAwaḍī, Hishām

Entry Personal Name

Number of records used in: 1

001 - CONTROL NUMBER

  • control field: 38592

003 - CONTROL NUMBER IDENTIFIER

  • control field: OSt

005 - DATE AND TIME OF LATEST TRANSACTION

  • control field: 20151028115009.0

008 - FIXED-LENGTH DATA ELEMENTS

  • fixed length control field: 151028|| aca||aabn | a|a d

040 ## - CATALOGING SOURCE

  • Original cataloging agency: OSt

100 1# - HEADING--PERSONAL NAME

  • Personal name: ʻAwaḍī, Hishām

400 1# - SEE FROM TRACING--PERSONAL NAME

  • Personal name: Al-Awadi, Hesham

400 1# - SEE FROM TRACING--PERSONAL NAME

  • Personal name: عوضي، هشام

400 1# - SEE FROM TRACING--PERSONAL NAME

  • Personal name: هشام عوضي